HOW WOMEN CAN MAKE IT WORK THE SCIENCE O (Record no. 26944)

MARC details
000 -LEADER
fixed length control field 00342nam a2200133Ia 4500
008 - FIXED-LENGTH DATA ELEMENTS--GENERAL INFORMATION
fixed length control field 240624s9999 xx 000 0 und d
041 ## - LANGUAGE CODE
Language code of text/sound track or separate title eng
082 ## - DEWEY DECIMAL CLASSIFICATION NUMBER
Classification number 650.1082 KIN
100 ## - MAIN ENTRY--PERSONAL NAME
Personal name KING EDEN
245 ## - TITLE STATEMENT
Title HOW WOMEN CAN MAKE IT WORK THE SCIENCE O
260 ## - PUBLICATION, DISTRIBUTION, ETC.
Date of publication, distribution, etc. 2011
Place of publication, distribution, etc. London
Name of publisher, distributor, etc. Praeger
300 ## - PHYSICAL DESCRIPTION
Extent xxi, : 327 : p. : cm. ; 24
365 ## - TRADE PRICE
Currency code
Price amount 30
Holdings
Withdrawn status Lost status Damaged status Not for loan Home library Current library Shelving location Date acquired Source of acquisition Cost, normal purchase price Full call number Barcode Date last seen Copy number Price effective from Koha item type
        IMTN IMTN Rack 18-B 03/10/2016 MB 60.00 650.1082 KIN 26944 06/24/2024 70.2 06/24/2024 Books
Designed & Maintained by: LRC IMT Nagpur Contact: lrc@imtnag.ac.in© 2024. All Rights Reserved.